Normal view MARC view

Entry Nombre personal

Number of records used in: 2

001 - NÚMERO DE CONTROL

  • campo de control: 236165

003 - IDENTIFICADOR DE NÚMERO DE CONTROL

  • campo de control: ES-MaACL

005 - FECHA Y HORA DE LA ÚLTIMA TRANSACCIÓN

  • campo de control: 20240503110559.0

008 - ELEMENTOS DE DATO DE LONGITUD-FIJA

  • campo de control de longitud fija: 240503|| aca||aabn | a|a d

024 7# - IDENTIFICADOR DE OTROS ESTÁNDARES

  • Fuente: VIAF, 03-05-2024
  • Número estándar o código: http://viaf.org/viaf/51753810

040 ## - FUENTE DE CATALOGACIÓN

  • Centro catalogador/agencia de origen: ES-MaACL
  • Centro/agencia transcriptor: ES-MaACL

100 ## - ENCABEZAMIENTO-NOMBRE DE PERSONA

  • Nombre de persona: Ugalde, Sharon Keefe,
  • Fechas asociadas al nombre: 1944-

670 ## - FUENTE DE DATOS ENCONTRADOS

  • Cita de la fuente: Work cat.: (ES-MaACL)194506: En homenaje a Ángel González: ensayos, entrevista y poemas /, cop. 1991